Despert entre adormits : Joan Maragall i la fi de segle a Barcelona / textos: Patrícia Gabancho Joan Maragall i la fi de segle a Barcelona / textos:
Descripción Física:
187 p. : il. ; 22 cm
MARC
| LEADER | 00000nam a2200000Ia 4500 | ||
|---|---|---|---|
| 001 | 12231 | ||
| 008 | 160829s1999 xx 000 0 cat d | ||
| 080 | |a L-1-309 | ||
| 100 | |a Gabancho, Patrícia |9 24572 | ||
| 245 | |a Despert entre adormits : |b Joan Maragall i la fi de segle a Barcelona / textos: |b Patrícia Gabancho | ||
| 260 | |a Barcelona : |b Museu d'Història de la Ciutat de Barcelona : |b Proa, |c 1999 | ||
| 300 | |a 187 p. : |b il. ; |c 22 cm | ||
| 590 | |a Catàleg de l'exposició que amb el mateix nom es va presentar al Museu d'Història de la Ciutat l'any 1999. Comissària de l'exposició: Patrícia Gabancho | ||
| 650 | |a Maragall, Joan |x Exposicions |9 24573 | ||
| 650 | |a Barcelona |x Història |x S. XIX |x Exposicions |9 24574 | ||
| 710 | 2 | |a Museu d'Història de la Ciutat (Barcelona) |9 53105 | |
| 901 | |a Arxiu | ||
| 942 | |n 1 | ||
| 952 | |0 0 |1 0 |4 0 |6 L1309 |7 1 |9 43213 |a Arxiu |b Arxiu |d 2016-12-01 |l 0 |o L-1-309 |p 12231 |r 2016-12-01 00:00:00 |w 2016-12-01 |y ARXIU | ||
| 999 | |c 45757 |d 45757 | ||